[Event "Bad Zwesten op 9th"]
[Site "Bad Zwesten"]
[Date "2005.01.05"]
[Round "5"]
[White "Gerhards, Bernd"]
[Black "Phieler, Manuel"]
[Result "1-0"]
[WhiteElo "1685"]
[BlackElo "1327"]
[PlyCount "41"]
[EventDate "2005.01.02"]
[EventType "swiss"]
[EventRounds "9"]
[EventCountry "GER"]
[SourceTitle "CBM 104 Extra"]
[Source "ChessBase"]
[SourceDate "2005.03.01"]
[SourceVersion "1"]
[SourceVersionDate "2005.03.01"]
[SourceQuality "1"]

1. e4 e5 2. Nf3 Nc6 3. d4 exd4 4. Nxd4 Nf6 5. Nxc6 bxc6 6. e5 Nd5 7. c4 Nb6 8. Bd3 g6 9. 0-0 Bg7 10. f4 0-0 11. b3 d6 12. Bb2 Nd7 13. Nd2 Nc5 14. Bc2 a5 15. Ne4 Nb7 16. Nf6+ Kh8 17. Qe1 Qe7 18. Qh4 Bxf6 19. exf6 Qe3+ 20. Kh1 Qc5 21. Bxg6 1-0

[Event "Bad Zwesten op 8th"]
[Site "Bad Zwesten"]
[Date "2004.01.05"]
[Round "6"]
[White "Busic, Nedjeljko"]
[Black "Phieler, Manuel"]
[Result "1-0"]
[WhiteElo "1895"]
[BlackElo "1272"]
[PlyCount "91"]
[EventDate "2004.01.??"]
[EventType "swiss"]
[EventRounds "9"]
[EventCountry "GER"]
[SourceTitle "CBM 098 Extra"]
[Source "ChessBase"]
[SourceDate "2004.03.10"]
[SourceVersion "2"]
[SourceVersionDate "2004.03.10"]
[SourceQuality "1"]

1. e4 e5 2. Nf3 Nc6 3. d4 exd4 4. Nxd4 Nf6 5. Nxc6 bxc6 6. Bd3 Bc5 7. 0-0 0-0 8. Bg5 d6 9. Nc3 Bd7 10. Qf3 Bd4 11. e5 Bxe5 12. Ne4 Rb8 13. b3 d5 14. Nxf6+ Bxf6 15. Bxf6 Qxf6 16. Qxf6 gxf6 17. Rfe1 Rfe8 18. f3 Re6 19. Kf2 Rbe8 20. b4 Kg7 21. Reb1 Re3 22. Rb3 R3e7 23. Ra3 Ra8 24. Ra5 Re5 25. f4 Rh5 26. h3 Kh6 27. Be2 Rf5 28. Bg4 Rxf4+ 29. Kg3 Rxg4+ 30. hxg4 Rg8 31. Rh1+ Kg7 32. Rxa7 Kh8 33. Rh4 f5 34. Rxc7 Be6 35. a4 fxg4 36. Rh1 Rb8 37. Rb1 Rb6 38. c3 Kg7 39. Kf4 Kg6 40. a5 Ra6 41. Ra1 h5 42. g3 Bf5 43. Rb7 Bc8 44. Rb6 f6 45. Re1 Kf7 46. Rb8 1-0

[Event "Bad Zwesten op 8th"]
[Site "Bad Zwesten"]
[Date "2004.01.03"]
[Round "3"]
[White "Phieler, Manuel"]
[Black "Diehl, Klaus"]
[Result "0-1"]
[WhiteElo "1272"]
[BlackElo "2085"]
[PlyCount "68"]
[EventDate "2004.01.??"]
[EventType "swiss"]
[EventRounds "9"]
[EventCountry "GER"]
[SourceTitle "CBM 098 Extra"]
[Source "ChessBase"]
[SourceDate "2004.03.10"]
[SourceVersion "2"]
[SourceVersionDate "2004.03.10"]
[SourceQuality "1"]

1. e4 d6 2. d4 Nf6 3. Nc3 Nbd7 4. Nf3 e5 5. Bg5 Be7 6. Be2 0-0 7. 0-0 c6 8. d5 cxd5 9. exd5 a6 10. Re1 b5 11. a3 Bb7 12. Bxf6 Bxf6 13. Ne4 Nb6 14. Nc3 Rc8 15. Bd3 Rc5 16. Be4 Be7 17. Qd3 g6 18. g4 Qc8 19. Nd2 Qxg4+ 20. Kh1 f5 21. Bg2 Nc4 22. Rab1 Nxd2 23. Qxd2 Bg5 24. Qd1 Qh4 25. Rf1 Bf4 26. h3 e4 27. Qd4 Be5 28. Qe3 Bxc3 29. bxc3 Rfc8 30. c4 Rxc4 31. Qb6 Qe7 32. Rbc1 Rxc2 33. Rxc2 Rxc2 34. Qd4 Rc5 0-1